000 00314nam a2200133Ia 4500
005 20260328104319.0
008 260328s9999||||xx |||||||||||||| ||und||
100 _aGruft, Andrew
245 0 _aPatkau Architecs /
_cAndrew Gruft
260 _bGustavo Gili
300 _a95 p.
650 _aARQUITECTOS
942 _cBK
999 _c11276
_d11276